NPB プロ野球(2024) 先発登板した投手名 - Statistics

General Stats
  • This quiz has been taken 319 times
  • The average score is 53 of 153
Answer Stats
球団名 投手名 % Correct
巨人 戸郷翔征
90%
巨人 菅野智之
83%
阪神 村上頌樹
73%
DeNA 東克樹
72%
西武 今井達也
72%
中日 髙橋宏斗
71%
ソフトバンク 有原航平
70%
巨人 山﨑伊織
69%
西武 髙橋光成
69%
日本ハム 伊藤大海
68%
阪神 西勇輝
66%
広島 大瀬良大地
66%
中日 柳裕也
66%
阪神 才木浩人
64%
巨人 F.グリフィン
64%
ロッテ 小島和哉
61%
オリックス 宮城大弥
61%
広島 森下暢仁
60%
DeNA A.ケイ
60%
ソフトバンク L.モイネロ
60%
阪神 大竹耕太郎
59%
広島 床田寛樹
59%
中日 大野雄大
59%
日本ハム 加藤貴之
58%
広島 九里亜蓮
57%
ロッテ 種市篤暉
57%
楽天 早川隆久
57%
ヤクルト 小川泰弘
56%
ソフトバンク 大関友久
56%
日本ハム 山﨑福也
56%
ロッテ 佐々木朗希
56%
DeNA A.ジャクソン
56%
西武 隅田知一郎
55%
ヤクルト 石川雅規
53%
中日 涌井秀章
53%
巨人 赤星優志
52%
阪神 青柳晃洋
52%
阪神 伊藤将司
51%
ヤクルト 奥川恭伸
51%
中日 小笠原慎之介
50%
楽天 田中将大
50%
ヤクルト 吉村貢司郎
49%
日本ハム 北山亘基
49%
オリックス 山下舜平大
49%
ソフトバンク 石川柊太
48%
巨人 井上温大
47%
阪神 髙橋遥人
45%
DeNA 平良拳太郎
45%
ヤクルト サイスニード
44%
西武 平良海馬
43%
中日 松葉貴大
42%
DeNA 大貫晋一
41%
ヤクルト 高橋奎二
41%
楽天 岸孝之
40%
西武 武内夏暉
40%
DeNA 石田健大
39%
ソフトバンク 東浜巨
38%
日本ハム 金村尚真
38%
ロッテ 石川歩
38%
楽天 藤井聖
38%
DeNA 濵口遥大
37%
阪神 J.ビーズリー
36%
阪神 門別啓人
34%
西武 渡邉勇太朗
34%
オリックス A.エスピノーザ
34%
ソフトバンク C.スチュワート・ジュニア
34%
日本ハム D.バーヘイゲン
33%
DeNA 石田裕太郎
32%
オリックス 東晃平
32%
西武 與座海人
32%
ヤクルト M.ヤフーレ
32%
ソフトバンク 大津亮介
31%
日本ハム 達孝太
31%
オリックス 曽谷龍平
31%
ヤクルト 高梨裕稔
29%
ロッテ 美馬学
29%
楽天 荘司康誠
29%
巨人 西舘勇陽
28%
広島 玉村昇悟
28%
広島 常廣羽也斗
28%
ソフトバンク 前田純
28%
ソフトバンク 前田悠伍
28%
楽天 C.ポンセ
28%
中日 H.メヒア
28%
オリックス 田嶋大樹
27%
西武 松本航
27%
巨人 横川凱
25%
広島 アドゥワ誠
25%
広島 野村祐輔
25%
広島 森翔平
25%
日本ハム 上原健太
25%
楽天 古謝樹
25%
オリックス 才木海翔
25%
ロッテ C.C.メルセデス
25%
DeNA 中川颯
24%
DeNA 山﨑康晃
24%
中日 根尾昂
24%
日本ハム 福島蓮
24%
ロッテ 西野勇士
24%
ロッテ 田中晴也
24%
巨人 高橋礼
23%
中日 松木平優太
23%
日本ハム 細野晴希
23%
西武 ボー・タカハシ
23%
阪神 及川雅貴
22%
ソフトバンク 松本晴
22%
西武 菅井信也
22%
楽天 瀧中瞭太
21%
西武 羽田慎之介
21%
DeNA 小園健太
20%
DeNA 森唯斗
20%
中日 梅津晃大
20%
ソフトバンク 和田毅
20%
日本ハム 柳川大晟
20%
楽天 松井友飛
20%
楽天 内星龍
19%
オリックス 齋藤響介
19%
オリックス 佐藤一磨
19%
巨人 Y.メンデス
19%
ヤクルト 小澤怜史
18%
日本ハム 鈴木健矢
18%
ロッテ 唐川侑己
18%
巨人 堀田賢慎
17%
ヤクルト 山野太一
17%
ヤクルト E.ロドリゲス
17%
広島 黒原拓未
16%
中日 仲地礼亜
16%
中日 福谷浩司
16%
日本ハム 根本悠楓
16%
西武 杉山遙希
16%
西武 上田大河
16%
オリックス 椋木蓮
15%
ロッテ D.カイケル
15%
DeNA 吉野光樹
14%
ロッテ 横山陸人
13%
西武 青山美夏人
13%
巨人 又木鉄平
12%
ヤクルト 松本健吾
12%
オリックス 髙島泰都
12%
ロッテ 中森俊介
11%
オリックス L.カスティーヨ
10%
日本ハム 鍵谷陽平
9%
広島 T.ハッチ
9%
ヤクルト 阪口皓亮
8%
ソフトバンク 大山凌
8%
オリックス 鈴木博志
8%
DeNA 松本隆之介
6%
ロッテ 高野脩汰
6%
ロッテ 岩下大輝
6%
ロッテ J.ダイクストラ
6%
楽天 高田孝一
5%
楽天 津留﨑大成
4%
楽天 松田啄磨
3%
No matching quizzes found
Score Distribution
Percent of People with Each Score
Percentile by Number Answered
Your Score History
You have not taken this quiz